• 首页
  • 本馆介绍
  • 公告通知
  • 最新文献
  • 馆藏检索
  • 电子资源
  • 读者导购
  • 参考咨询
  • 我的图书馆
  • 登录
  • 详细信息显示
  • 放入我的书架
  • 预约/预借图书
  • 作者相关作品
  • 分类相关作品
  • 丛书相关作品
  • 出版社相关作品

书目信息

  • 表格格式
  • 工作单格式
  • 卡片格式
题名:
中国对外贸易经济概论
    
 
作者: ;中国对外贸易经济概论编写组 编
分册:  
出版信息: 北京   中国财政经济出版社  1980
页数: 130页
开本: 21cm
丛书名:
单 册:
中图分类: F75
科图分类:
主题词: 对外贸易--中国--高等学校--教材 , 对外贸易--世界
电子资源:
ISBN:
000 00803nam0 2200265 45
001 0180002490
005 20040429164211.0
010    @dCNY0.54
091    @a4166.205
100    @a19950613d1980 ke y0chiy0121 ea
101 0  @achi
102    @aCN@b110000
105    @ay z 000yy
106    @ar
200 10 @a中国对外贸易经济概论@Azhong guo dui wai mao yi jing ji gai lun@f《中国对外贸易经济概论》编写组编
210    @a北京@c中国财政经济出版社@d1980
215    @a130页@d21cm
300    @a高等院校试用教材
606    @a对外贸易@y中国@x高等学校@x教材
606 0  @a对外贸易@x世界
690    @aF75
711 02 @a中国对外贸易经济概论编写组@Azhong guo dui wai mao yi jing ji gai lun bian xie zu@4编
801  0 @aCN@b上海图书馆@c20040429
801  2 @aCN@bNLC@c20040429
905    @f1@b57571@dF75@e2
    
    中国对外贸易经济概论/《中国对外贸易经济概论》编写组编.-北京:中国财政经济出版社,1980
    130页;21cm
    高等院校试用教材
    
    ISBN :CNY0.54
    
●
相关链接 在E读中查询图书 在五车中查询图书 在当当中查询图书 在豆瓣中查询图书


正题名:中国对外贸易经济概论     索取号:F75/2         预约/预借

序号 登录号 条形码 馆藏地/架位号 状态 备注
1 0057571   000490034   第一样本阅览室/ [索取号:F75/2] 在馆    
唐山师范学院图书馆 欢迎您!
大连网信软件有限公司© 版权所有